00259nam a2200121 a 450000500170000002000180001710000200003524500200005526000240007530000110009904100080011065000190011820260702181356.0 a97860645012341 aIstrati, Panait10aChira Chiralina aIasibPoliromc2017 a256 p.0 aron 0aRoman romanesc